000096052 001__ 96052 000096052 005__ 20240719140223.0 000096052 0247_ $$2HSB$$a999910047628 000096052 037__ $$aRWTH-CONV-107179 000096052 041__ $$aGerman 000096052 1001_ $$0P:(DE-82)IDM00275$$aBrettel, Malte$$b0$$eAuthor$$urwth 000096052 245__ $$aDer informelle Beteiligungskapitalmarkt – Eine empirische Betrachtung$$cMalte Brettel. Mit einem Geleitw. von Jürgen Weber$$hprint 000096052 250__ $$a1. Aufl. 000096052 260__ $$aWiesbaden$$bDt. Univ.-Verl.$$c2004 000096052 300__ $$aXXI, 350 S. : graph. Darst. 000096052 3367_ $$0PUB:(DE-HGF)3$$2PUB:(DE-HGF)$$aBook$$bbook$$mbook 000096052 3367_ $$2DRIVER$$abook 000096052 3367_ $$01$$2EndNote$$aBook 000096052 3367_ $$2DataCite$$aOutput Types/Book 000096052 3367_ $$2ORCID$$aBOOK 000096052 3367_ $$2BibTeX$$aBOOK 000096052 4900_ $$aEdition Wissenschaft : Unternehmensführung & Controlling412 Dt. Univ.-Verl. 000096052 502__ $$aZugl.: Vallendar, Wiss. Hochschule f. Unternehmensführung (WHU), Habil.-Schr., 2003 000096052 591__ $$aGermany 000096052 8564_ $$uhttp://www.gbv.de/dms/zbw/475557735.pdf$$yTable of contents 000096052 909CO $$ooai:publications.rwth-aachen.de:96052$$pVDB 000096052 9151_ $$0StatID:(DE-HGF)0031$$2StatID$$aPeer reviewed article 000096052 9201_ $$0I:(DE-82)813110_20140620$$k813110$$lLehrstuhl für Wirtschaftswissenschaften für Ingenieure und Naturwissenschaftler$$x0 000096052 961__ $$c2014-06-18$$x2011-07-01$$z2012-02-20 000096052 970__ $$ahsb999910047628 000096052 980__ $$abook 000096052 980__ $$aI:(DE-82)813110_20140620 000096052 980__ $$aVDB 000096052 980__ $$aUNRESTRICTED 000096052 980__ $$aConvertedRecord